000 00996nas a2200289 4500
001 BR8401732
003 BR-BrBNA
005 20231205085851.0
007 ta
008 230509b bl.|||p| |||| 00| 00por d
040 _aBR-BrBNA
_bpor
_cBiblioteca Nacional de Agricultura
041 _a(Pt)
072 _aF25
100 1 _aSouza, A.B. de
100 1 _aBegazo, J.C.E.O.
100 1 _aDefelipo, B.V.
100 1 _aCardoso, A.A.
245 1 _aFontes e niveis de fertilizantes fosfatados sobre alguns caracteres das raizes da mandioca [Manihot esculenta]
_bParte de tese
246 1 _aSources and rates of phosphate fertilizers on some characters of cassava roots [Manihot esculenta]
_b[Part of thesis]
650 _aMANDIOCA
650 _aFERTILIZANTE FOSFATADO
650 _aADUBACAO
650 _aRAIZ
773 0 _tRevista Brasileira de Mandioca (Brazil)
_xISSN 0101-563X
_g(1983), v. 2(2) p. 33-38
_wBR8401732
909 _a202311
_bLúcia
_c55
_dLúcia Elande
942 _2AGRIS
_n0
_cANA
999 _c114394
_d114394